Alle Städte an der Lahn - Statistiken

Allgemein
  • Dieses Quiz wurde 140 mal gespielt
  • Das Durchschnittsergebnis liegt bei 9 aus 17
Antwortstatistiken
Einwohner Stadt Bundesland % Korrekt
89.802 Gießen Hessen
96%
35.514 Limburg an der Lahn Hessen
91%
77.129 Marburg Hessen
90%
52.955 Wetzlar Hessen
88%
18.042 Lahnstein RLP
71%
12.973 Weilburg Hessen
66%
9.689 Bad Ems RLP
55%
11.084 Diez RLP
45%
13.504 Bad Laasphe NRW
42%
13.588 Biedenkopf Hessen
42%
9.343 Runkel Hessen
37%
4.535 Nassau RLP
36%
10.309 Lollar Hessen
31%
23.081 Netphen NRW
30%
10.934 Braunfels Hessen
29%
13.672 Solms Hessen
29%
5.749 Leun Hessen
22%
Keine übereinstimmenden Quizze gefunden
Verteilung der Resultate
Anzahl Personen mit jedem Resultat
Perzentil nach korrekt beantworteten Fragen
Ihre Resultats-Entwicklung
Sie haben dieses Quiz noch nicht gespielt